Geografia con la lettera "T" - Statistics

Statistiche generali
  • Questo quiz è stato fatto 58 volte
  • Il punteggio medio è 47 su 72
Statistiche sulle risposte
Suggerimento Risposta % Corretto
Paese con capitale Taipei Taiwan
98%
Capitale di Taiwan Taipei
96%
Fiume che bagna Londra (Regno Unito) Tamigi
96%
Capitale della Tunisia Tunisi
96%
Paese con capitale Ankara Turchia
96%
Paese con capitale Bangkok Thailandia
94%
Fiume che insieme all'Eufrate circonda la Mesopotamia Tigri
94%
Capitale dell'Albania Tirana
94%
Mare ad ovest dell'Italia Tirreno
94%
Capitale del Giappone Tokyo
94%
Capoluogo della regione Piemonte (Italia) Torino
94%
Regione con capoluoghi Trento e Bolzano (Italia) Trentino-Alto Adige
94%
Capoluogo della regione Trentino-Alto Adige (Italia) Trento
94%
Paese con capitale Tunisi Tunisia
94%
Capitale dell'Estonia Tallinn
92%
Regione con capoluogo Firenze (Italia) Toscana
92%
Capoluogo della regione Friuli-Venezia Giulia (Italia) Trieste
92%
Cantone con lingua Italiana (Svizzera) Ticino
90%
Città più popolosa del Canada Toronto
90%
Provincia della regione Puglia (Italia) Taranto
88%
Capitale dell'Iran Teheran
88%
Provincia della regione Abruzzo (Italia) Teramo
88%
Terzo fiume più lungo d'Italia Tevere
88%
Provincia della regione Sicilia (Italia) Trapani
88%
Provincia della regione Umbria (Italia) Terni
86%
Stato con capitale Austin (USA) Texas
86%
Capitale della Libia Tripoli
86%
Provincia della regione Veneto (Italia) Treviso
80%
Paese con capitale Dodoma Tanzania
78%
Capoluogo di provincia insieme a Barletta ed Andria, Puglia (Italia) Trani
78%
Paese con capitale Port of Spain Trinidad e Tobago
78%
Stato con capitale Nashville (USA) Tennessee
74%
Isola nota per l'animale "Diavolo della T" (Australia) Tasmania
72%
Isola più estesa delle Canarie (Spagna) Tenerife
72%
Lago più esteso del Centro Italia; Umbria Trasimeno
72%
Capitale della Georgia Tbilisi
70%
Regione storica in centro alla Romania Transilvania
70%
Comune noto come meta turistica, Sicilia (Italia) Taormina
68%
Paese con capitale Lomé Togo
68%
Paese con capitale Nukuʻalofa Tonga
68%
Regione storico-geografica con a capo il Dalai Lama Tibet
66%
Paese con capitale Aşgabat Turkmenistan
66%
Regione storico-geografica tra Austria e Italia Tirolo
64%
Paese con capitale Funafuti Tuvalu
60%
Paese con capitale Dushanbe Tagikistan
58%
Stato noto per la sua salsa piccante (Messico) Tabasco
56%
Capoluogo della regione Occitania (Francia) Tolosa
56%
Fiume più lungo della penisola Iberica Tago
52%
Paese con capitale Dili Timor Est
52%
Capoluogo della regione Castiglia-La Mancia (Spagna) Toledo
52%
Stretto passaggio costiero, noto per la sua Battaglia tra Leonida e Serse (Grecia) Termopili
50%
Seconda città più popolosa del molise (Italia) Termoli
48%
Lago navigabile più alto del mondo tra Bolivia e Perù Titicaca
48%
Regione storica a sud dei Balcani Tracia
46%
Fiume più importante del Friuli-Venezia Giulia (Italia) Tagliamento
42%
Città in provincia di Roma in Lazio (Italia) 50k abitanti Tivoli
42%
Capitale dell'Honduras Tegucigalpa
40%
Capitale dell'Uzbekistan Tashkent
36%
Città portuale sullo stretto di Gibilterra (Marocco) Tangeri
34%
Sesto fiume più lungo d'Italia Tanaro
32%
Capitale del Bhutan Thimphu
32%
Stato indipendentista dalla Moldavia Transnistria
32%
Città in provincia di Napoli in Campania (Italia) 70k abitanti Torre del Greco
30%
Secondo lago più esteso dell'Africa Tanganica
28%
Capitale del New Jersey (USA) Trenton
28%
Capitale della Florida (USA) Tallahassee
22%
Antica città Patrimonio dell'UNESCO (Mali) Timbuctù
18%
Arcipelago d'oltremare (Nuova Zelanda) Tokelau
18%
Città in provincia di Napoli in Campania (Italia) 40k abitanti Torre Annunziata
18%
Capitale del Kansas (USA) Topeka
16%
Arcipelago d'oltremare nei Caraibi (Regno Unito) Turks e Caicos
16%
Regione con capoluogo Erfurt (Germania) Turingia
14%
Nessun quiz corrispondente trovato
Distribuzione punteggi
Percentuale di utenti per punteggio
Percentile per numero di risposta
I tuoi punteggi nel tempo
Non hai fatto questo quiz